000 00280nam a22001217a 4500
008 190306b xxu||||| |||| 00| 0 eng d
041 _aeng
080 _a617
100 _a8
101 _aORT
245 _aOrthopaedic Management in Cerebral Palsy
_cBleck,E,E
942 _2udc
_cBK
999 _c54598
_d54598